000 00540nam a2200181Ia 4500
999 _c10557
_d10557
003 OSt
005 20191219104538.0
008 190216s9999||||xx |||||||||||||| ||und||
020 _a9798174763708
040 _coclc
082 _a330.954
_bRAN/P
100 1 _aRangarajan, C.
_9575
_d1932-
_q(Chakravarthy),
245 0 _aPerspectives On Indian Economy /
_c C Rangarajan
260 _bUbs Publishers,
_c2001.
_aNew Delhi:
300 _a320p
650 _aEconomics
942 _cBK
_2ddc
_h330.954
_iRAN/P
_k330.954
_mRAN/P